Hormesis : a revolution in biology, toxicology, and medicine /

Bibliographic Details
Corporate Author: SpringerLink (Online service)
Other Authors: Calabrese, Edward J., 1946-, Mattson, Mark Paul
Format: eBook
Language:English
Published: New York : Springer, [2010]
Subjects:
Online Access:Connect to the full text of this electronic book

MARC

Tag First Indicator Second Indicator Subfields
LEADER 00000cam a2200000Ia 4500
001 in00002653789
005 20210727154939.0
006 m d
007 cr cn|
008 100909s2010 nyua ob 001 0 eng d
020 |a 1607614952 
020 |a 9781607614951 
035 |a (OCoLC)663093804 
035 |a (OCoLC)ocn663093804 
035 |a 3799160 
037 |a 978-1-60761-494-4  |b Springer  |n http://www.springerlink.com 
040 |a GW5XE  |b eng  |c GW5XE  |d UtOrBLW 
049 |a TXAC 
050 1 4 |a RA1199.4.D66  |b H67 2010 
060 1 4 |a 2010 D-844 
060 1 4 |a QV 38  |b H8116 2010 
082 0 4 |a 571.634  |2 22 
245 0 0 |a Hormesis :  |b a revolution in biology, toxicology, and medicine /  |c Mark P. Mattson, Edward J. Calabrese, editors. 
264 1 |a New York :  |b Springer,  |c [2010] 
264 4 |c ©2010 
300 |a xiv, 213 pages :  |b illustrations 
336 |a text  |b txt  |2 rdacontent 
337 |a computer  |b c  |2 rdamedia 
338 |a online resource  |b cr  |2 rdacarrier 
500 |a Electronic resource. 
504 |a Includes bibliographical references and index. 
533 |a Electronic reproduction.  |b New York :  |c Springer,  |d 2010.  |n Mode of access: World Wide Web.  |n System requirements: Web browser.  |n Title from title screen (viewed on Aug. 9, 2010).  |n Access may be restricted to users at subscribing institutions. 
650 1 2 |a Dose-Response Relationship, Drug.  |0 https://id.nlm.nih.gov/mesh/D004305 
650 2 2 |a Adaptation, Physiological  |x drug effects.  |0 https://id.nlm.nih.gov/mesh/D000222Q000187 
650 2 2 |a Pharmacological Phenomena.  |0 https://id.nlm.nih.gov/mesh/D000069437 
650 0 |a Dose-response relationship (Biochemistry)  |0 http://id.loc.gov/authorities/subjects/sh88007952 
650 0 |a Hormesis.  |0 http://id.loc.gov/authorities/subjects/sh94005580 
655 7 |a Electronic books.  |2 local 
700 1 |a Calabrese, Edward J.,  |d 1946-  |0 http://id.loc.gov/authorities/names/n77008506 
700 1 |a Mattson, Mark Paul.  |0 http://id.loc.gov/authorities/names/n89605814 
710 2 |a SpringerLink (Online service)  |0 http://id.loc.gov/authorities/names/no2005046756 
776 1 |c Original  |z 9781607614944  |z 1607614944  |z 9781607614951  |z 1607614952  |w (DLC) 2009938828  |w (OCoLC)640071764 
856 4 0 |u http://proxy.library.tamu.edu/login?url=https://dx.doi.org/10.1007/978-1-60761-495-1  |z Connect to the full text of this electronic book  |t 0 
994 |a 92  |b TXA 
999 |a MARS 
999 f f |s d1191bb3-d4cc-3eab-b46e-ae282ee3afc8  |i 0df57f98-e466-3e50-bb40-efdbe1961269  |t 0 
952 f f |a Texas A&M University  |b College Station  |c Electronic Resources  |d Available Online  |t 0  |e RA1199.4.D66 H67 2010  |h Library of Congress classification 
998 f f |a RA1199.4.D66 H67 2010  |t 0  |l Available Online